00502nam a2200157Ia 450000500170000000800410001708200130005810000220007124500320009326000430012530000130016850000450018194200060022695200970023299900150032920250701013540.0240331s9999 xx 000 0 und d bGUNa891 aGunawardena,W.D.K 0aSahithya vichara sangrahaya aColombobM.D.Gunasena books & Coc1966 a120 p ., aA Book on Literary criticism Collecetion cL 001040708LaWERCLbWERCLcSSCd2024-03-31l0o 891.48 GUNp905r2024-03-31w2024-03-31yL c4841d4841